Sudden Death - Nachbarländer der Türkei - Statistiken

Allgemein
  • Dieses Quiz wurde 423 mal gespielt
  • Das Durchschnittsergebnis liegt bei 5 aus 8
Answers on the Grid
Answers color-coded by a green-red scale on the quiz's grid according to % correct below.
Bulgarien🇧🇬
Griechenland🇬🇷
Syrien🇸🇾
Irak🇮🇶
Iran🇮🇷
Aserbaidschan🇦🇿
Georgien🇬🇪
Armenien🇦🇲
Russland🇷🇺
Rumänien🇷🇴
Nordmazedonien🇲🇰
Zypern🇨🇾
Jordanien🇯🇴
Israel🇮🇱
Libanon🇱🇧
Ägypten🇪🇬
Libyen🇱🇾
Moldau🇲🇩
Kasachstan🇰🇿
Marokko🇲🇦
 
Antwortstatistiken
Antwort % Korrekt
Griechenland🇬🇷
76%
Syrien🇸🇾
72%
Armenien🇦🇲
63%
Bulgarien🇧🇬
62%
Georgien🇬🇪
61%
Irak🇮🇶
60%
Iran🇮🇷
54%
Aserbaidschan🇦🇿
53%
Keine übereinstimmenden Quizze gefunden
Verteilung der Resultate
Anzahl Personen mit jedem Resultat
Perzentil nach korrekt beantworteten Fragen
Ihre Resultats-Entwicklung
Sie haben dieses Quiz noch nicht gespielt